LEADER 02421nas1 2200493 n 450 001 990000000630503321 005 20240229082507.0 011 $a0014-0015 035 $a000000063 035 $aFED02000000063 035 $a(Aleph)000000063FED02 091 $2CNR$aP 00053586 100 $a20091027a19479999km-y0itaa50------ba 101 0 $ager 102 $aDE 110 $aauu-------- 200 1 $aErdkunde$eArchiv für wissenschaftliche Geographie 207 1$a1947- 210 $aBonn$cBoss 326 $aTrimestrale 391 $a1992-2002 ; 2004-2013 530 0 $aErdkunde 675 $a308 675 $a330.15 675 $a631 675 $a91 675 $a911.2 712 02$aUniversität Bonn$bGeographisches Institut 801 0$aIT$bACNP$c20090723 859 4 $uhttp://acnp.cib.unibo.it/cgi-ser/start/it/cnr/dc-p1.tcl?catno=36327&person=false&language=ITALIANO&libr=&libr_th=unina$zBiblioteche che possiedono il periodico 901 $aSE 912 $a990000000630503321 958 $aBiblioteca del Dipartimento Analisi dei Processi ELPT Sezione Scienze Geografiche - Università Federico II$b1978-$c1991;$fDECGE 958 $aBiblioteca. Dipartimento Matematico Statistico dell'Università Federico II. Napoli$b1978-1981;$fMAS 958 $aNucleo Bibliotecario di Geografia.Facoltà di Lettere e Filosofia.Università degli Studi di Napoli Federico II$b1947-1982;1988-$ePERIOD 7$fILFGE 959 $aDECGE 959 $aMAS 959 $aILFGE 996 $aErdkunde$9794985 997 $aUNINA AP1 8 $6866-01$aNA033 Biblioteca del Dipartimento Analisi dei Processi ELPT Sezione Scienze Geografiche - Università Federico II$evia Cintia-Compl. Univ. Monte S.Angelo, 80126 Napoli (NA)$m081 675240$m081 675244$nit AP1 8 $6866-02$aNA036 Biblioteca. Dipartimento Matematico Statistico dell'Università Federico II. Napoli$eV. Cintia-Complesso Universitario Monte, 80126 S. Angelo Napoli (NA)$m(081) 675175/76 - 081675011$m081675009$nit AP1 8 $6866-03$aNA239 Nucleo Bibliotecario di Geografia.Facoltà di Lettere e Filosofia.Università degli Studi di Napoli Federico II$bPERIOD 7$evia Rodinò 22/Largo S. Marcellino 10, 80138 Napoli (NA)$m0812538238$nit AP2 40$aacnp.cib.unibo.it$nACNP Italian Union Catalogue of Serials$uhttp://acnp.cib.unibo.it/cgi-ser/start/it/cnr/df-p.tcl?catno=36327&language=ITALIANO&libr=&person=&B=1&libr_th=unina&proposto=NO LEADER 02865nam0 2200625 i 450 001 VAN0124986 005 20230630112652.964 017 70$2N$a9783030004491 100 $a20191029d2018 |0itac50 ba 101 $aeng 102 $aCH 105 $a|||| ||||| 200 1 $aSemilinear Evolution Equations and Their Applications$fToka Diagana 210 $aCham$cSpringer$d2018 215 $axx, 189 p.$d24 cm 500 1$3VAN0236484$aSemilinear Evolution Equations and Their Applications$91563755 606 $a35-XX$xPartial differential equations [MSC 2020]$3VANC019763$2MF 606 $a34-XX$xOrdinary differential equations [MSC 2020]$3VANC021251$2MF 606 $a45Jxx$xIntegro-ordinary differential equations [MSC 2020]$3VANC022604$2MF 606 $a34C27$xAlmost and pseudo-almost periodic solutions to ordinary differential equation [MSC 2020]$3VANC024242$2MF 606 $a34G20$xNonlinear differential equations in abstract spaces [MSC 2020]$3VANC024637$2MF 606 $a39-XX$xDifference and functional equations [MSC 2020]$3VANC029242$2MF 606 $a34K14$xAlmost and pseudo-periodic solutions to functional-differential equations [MSC 2020]$3VANC029263$2MF 606 $a34A08$xFractional ordinary differential equations and fractional differential inclusions [MSC 2020]$3VANC031468$2MF 610 $aBanach fixed-point theorem$9KW:K 610 $aBanach spaces$9KW:K 610 $aBeverton-Holt$9KW:K 610 $aDegenerate evolution equation$9KW:K 610 $aDifference equations$9KW:K 610 $aDumping$9KW:K 610 $aExponentially stable$9KW:K 610 $aFractional differential equation$9KW:K 610 $aGeneralized solutions$9KW:K 610 $aHeat equations$9KW:K 610 $aHilbert Space$9KW:K 610 $aMild solution$9KW:K 610 $aResolvent$9KW:K 610 $aSchauder fixed point theorem$9KW:K 610 $aSemigroup of operators$9KW:K 610 $aSemilinear equation$9KW:K 610 $aSingular difference equation$9KW:K 610 $aSobolev spaces$9KW:K 610 $aStrong solution$9KW:K 610 $aWeak solutions$9KW:K 620 $aCH$dCham$3VANL001889 700 1$aDiagana$bToka$3VANV089079$0756010 712 $aSpringer $3VANV108073$4650 801 $aIT$bSOL$c20240614$gRICA 856 4 $uhttp://doi.org/10.1007/978-3-030-00449-1$zE-book ? Accesso al full-text attraverso riconoscimento IP di Ateneo, proxy e/o Shibboleth 899 $aBIBLIOTECA DEL DIPARTIMENTO DI MATEMATICA E FISICA$1IT-CE0120$2VAN08 912 $fN 912 $aVAN0124986 950 $aBIBLIOTECA DEL DIPARTIMENTO DI MATEMATICA E FISICA$d08CONS e-book 1360 $e08eMF1360 20191029 996 $aSemilinear Evolution Equations and Their Applications$91563755 997 $aUNICAMPANIA